[Event "ROM-ch (Women)"]
[Site "Calimanesti"]
[Date "2015.04.19"]
[Round "2"]
[White "Nastase, Andreea Cristina"]
[Black "Moldovan, Petruta Alisia"]
[Result "1-0"]
[WhiteElo "1852"]
[BlackElo "1705"]
[PlyCount "109"]
[EventDate "2015.04.18"]
[EventType "swiss"]
[EventRounds "9"]
[EventCountry "ROU"]
[SourceTitle "CBM 166 Extra"]
[Source "ChessBase"]
[SourceDate "2015.06.18"]
[SourceVersion "1"]
[SourceVersionDate "2015.06.18"]
[SourceQuality "1"]

1. e4 c5 2. Nf3 Nf6 3. Nc3 Nc6 4. d4 d5 5. exd5 Nxd5 6. Nxd5 Qxd5 7. c4 Qe4+ 8. Be3 cxd4 9. Nxd4 e5 10. Nxc6 Qxc6 11. Qb3 Be7 12. 0-0-0 Be6 13. Kb1 0-0 14. Qb5 Qc7 15. Be2 f5 16. g3 f4 17. gxf4 exf4 18. Bd4 Bf6 19. c5 Bxd4 20. Rxd4 Rac8 21. Bc4 Bxc4 22. Rxc4 Rf5 23. Rhc1 Rf6 24. Re4 Kf8 25. Rce1 Qc6 26. Qxc6 bxc6 27. Re7 Rf7 28. R7e6 a5 29. R1e4 Rf5 30. R6e5 Rf6 31. Ra4 Ra8 32. Ree4 g5 33. h4 h6 34. hxg5 hxg5 35. Re5 Rg6 36. Kc2 Kf7 37. b4 Kf6 38. Re4 Rg7 39. Rd4 Re7 40. Rxa5 Rb8 41. Kc3 Kf5 42. Ra6 Rc8 43. Rd6 Rec7 44. Kd4 g4 45. Ra3 Re7 46. Kc3 g3 47. fxg3 fxg3 48. Kd2 Rg8 49. Rdd3 Reg7 50. Rf3+ Ke4 51. Rae3+ Kd5 52. Rf5+ Kc4 53. Rf4+ Kb5 54. Ra3 Rd8+ 55. Kc2 1-0

[Event "ROM-ch U18 Girls"]
[Site "Calimanesti"]
[Date "2015.04.01"]
[Round "3"]
[White "Moldovan, Petruta Alisia"]
[Black "Toma, Andreea Simona"]
[Result "1-0"]
[WhiteElo "1705"]
[BlackElo "1408"]
[PlyCount "41"]
[EventDate "2015.03.30"]
[EventType "swiss"]
[EventRounds "9"]
[EventCountry "ROU"]
[SourceTitle "CBM 165 Extra"]
[Source "ChessBase"]
[SourceDate "2015.04.21"]
[SourceVersion "1"]
[SourceVersionDate "2015.04.21"]
[SourceQuality "1"]

1. d4 Nf6 2. Nf3 g6 3. Bf4 Bg7 4. e3 0-0 5. h3 d6 6. Be2 Nbd7 7. Bh2 Ne4 8. Nbd2 Nxd2 9. Qxd2 f5 10. Bc4+ Kh8 11. Ng5 Qe8 12. Ne6 Rb8 13. Nxc7 Qd8 14. Ne6 Qe8 15. Nxf8 Qxf8 16. 0-0 e5 17. dxe5 dxe5 18. Rad1 Qc5 19. Be6 Nf6 20. Qd8+ Bf8 21. Qxf6+ 1-0

[Event "ROM-ch (Women)"]
[Site "Targu Mures"]
[Date "2014.04.28"]
[Round "3"]
[White "Moldovan, Petruta Alisia"]
[Black "Mathe, Katalin"]
[Result "0-1"]
[WhiteElo "1690"]
[BlackElo "1979"]
[PlyCount "62"]
[EventDate "2014.04.26"]
[EventType "swiss"]
[EventRounds "9"]
[EventCountry "ROU"]
[SourceTitle "CBM 160 Extra"]
[Source "ChessBase"]
[SourceDate "2014.07.01"]
[SourceVersion "1"]
[SourceVersionDate "2014.07.01"]
[SourceQuality "1"]

1. e4 g6 2. d4 Bg7 3. Nc3 d6 4. Bc4 Nd7 5. Nf3 e6 6. Bg5 Bf6 7. Qd2 c6 8. Bxf6 Qxf6 9. d5 Nb6 10. Bb3 exd5 11. exd5 Bf5 12. dxc6 bxc6 13. 0-0-0 d5 14. Rhe1+ Kf8 15. h3 Bxh3 16. gxh3 Qxf3 17. Re3 Qf6 18. f4 Ne7 19. Re2 Nf5 20. Na4 Nxa4 21. Bxa4 Kg7 22. c3 Rhd8 23. Re5 d4 24. Rg1 Ne3 25. Qf2 Nc4 26. Rc5 Nb6 27. Rxc6 Qf5 28. Bc2 d3 29. Bb3 d2+ 30. Kd1 Qb1+ 31. Ke2 Qe4+ 0-1

[Event "ROM-ch U18 Girls"]
[Site "Calimanesti"]
[Date "2014.04.13"]
[Round "9"]
[White "Moldovan, Petruta Alisia"]
[Black "Ungureanu, Maria Andreea"]
[Result "0-1"]
[WhiteElo "1690"]
[BlackElo "1684"]
[PlyCount "72"]
[EventDate "2014.04.06"]
[EventType "tourn"]
[EventRounds "9"]
[EventCountry "ROU"]
[SourceTitle "CBM 160 Extra"]
[Source "ChessBase"]
[SourceDate "2014.07.01"]
[SourceVersion "1"]
[SourceVersionDate "2014.07.01"]
[SourceQuality "1"]

1. e4 c5 2. Nf3 d6 3. Bc4 Nc6 4. d3 g6 5. c3 Bg7 6. 0-0 Nf6 7. Bb3 a6 8. Re1 0-0 9. Bg5 Qc7 10. h3 b5 11. Nbd2 Bb7 12. Nf1 Rfe8 13. d4 Na5 14. Bc2 cxd4 15. cxd4 Rac8 16. Rc1 Qd7 17. b3 Nc6 18. Qd2 a5 19. Bh6 Bh8 20. Ng3 b4 21. Qg5 e6 22. h4 Qe7 23. e5 dxe5 24. dxe5 Nd7 25. Qf4 f6 26. exf6 Qxf6 27. Qg5 Nce5 28. Nxe5 Nxe5 29. Qxf6 Bxf6 30. Ne4 Bxe4 31. Bxe4 Nf7 32. Bf4 Bxh4 33. Rxc8 Rxc8 34. Bb7 Rc2 35. g3 Bg5 36. Bc7 Rxc7 0-1

[Event "ROM-ch U18 Girls"]
[Site "Calimanesti"]
[Date "2014.04.09"]
[Round "5"]
[White "Moldovan, Petruta Alisia"]
[Black "Cosman, Andreea Marioara"]
[Result "0-1"]
[WhiteElo "1690"]
[BlackElo "1914"]
[PlyCount "66"]
[EventDate "2014.04.06"]
[EventType "tourn"]
[EventRounds "9"]
[EventCountry "ROU"]
[SourceTitle "CBM 160 Extra"]
[Source "ChessBase"]
[SourceDate "2014.07.01"]
[SourceVersion "1"]
[SourceVersionDate "2014.07.01"]
[SourceQuality "1"]

1. d4 Nf6 2. Nf3 c5 3. d5 d6 4. Nc3 g6 5. e4 Bg7 6. Bb5+ Bd7 7. a4 0-0 8. 0-0 a6 9. Be2 Bg4 10. Re1 Nbd7 11. Bf4 Ne8 12. Qd2 Nc7 13. Bh6 Bxf3 14. gxf3 f5 15. Bxg7 Kxg7 16. f4 fxe4 17. Nxe4 Nf6 18. Nxf6 Rxf6 19. Ra3 Qd7 20. a5 Raf8 21. Bf1 Rxf4 22. Bh3 Qd8 23. Rae3 R8f7 24. R1e2 Rd4 25. Rd3 Rff4 26. Be6 Qf8 27. Ree3 Nb5 28. c3 Rxd3 29. Rxd3 Nc7 30. Re3 Qf6 31. Qe2 Kf8 32. Qf1 Nxe6 33. Rxe6 Rg4+ 0-1

[Event "ROM-ch U16 Girls"]
[Site "Calimanesti"]
[Date "2013.04.07"]
[Round "8"]
[White "Moldovan, Petruta Alisia"]
[Black "Ciungan, Diana Alexandra"]
[Result "1/2-1/2"]
[WhiteElo "1712"]
[BlackElo "1739"]
[PlyCount "69"]
[EventDate "2013.04.02"]
[EventType "swiss"]
[EventRounds "9"]
[EventCountry "ROU"]
[SourceTitle "CBM 153 Extra"]
[Source "ChessBase"]
[SourceDate "2013.04.22"]
[SourceVersion "1"]
[SourceVersionDate "2013.04.22"]
[SourceQuality "1"]

1. d4 d5 2. c4 e6 3. Nf3 c6 4. Nc3 f5 5. Bf4 Bd6 6. Bxd6 Qxd6 7. e3 Nf6 8. Be2 0-0 9. 0-0 Bd7 10. Qc2 Be8 11. a3 Bh5 12. Ne5 Bxe2 13. Qxe2 Nbd7 14. f4 Qe7 15. b4 Nxe5 16. fxe5 Ne4 17. Nxe4 fxe4 18. c5 Rxf1+ 19. Rxf1 Rf8 20. Rxf8+ Qxf8 21. a4 Qd8 22. Qd2 Qc8 23. b5 Kf8 24. Qa5 Qb8 25. Qb4 Qc7 26. b6 Qb8 27. bxa7 Qxa7 28. a5 Ke8 29. Kf2 Kd7 30. Qb6 Qxb6 31. axb6 Ke7 32. g4 g5 33. Kg3 Kf7 34. h4 h6 35. hxg5 1/2-1/2

[Event "ROM-ch U16 Girls"]
[Site "Calimanesti"]
[Date "2013.04.05"]
[Round "5"]
[White "Moldovan, Petruta Alisia"]
[Black "Toma, Andreea Simona"]
[Result "1-0"]
[WhiteElo "1712"]
[BlackElo "1364"]
[PlyCount "65"]
[EventDate "2013.04.02"]
[EventType "swiss"]
[EventRounds "9"]
[EventCountry "ROU"]
[SourceTitle "CBM 153 Extra"]
[Source "ChessBase"]
[SourceDate "2013.04.22"]
[SourceVersion "1"]
[SourceVersionDate "2013.04.22"]
[SourceQuality "1"]

1. d4 Nf6 2. c4 g6 3. Nf3 Bg7 4. e3 d6 5. Nc3 0-0 6. Be2 Nbd7 7. 0-0 e5 8. Qc2 Qe7 9. d5 Nc5 10. b4 Bf5 11. Qd2 Nce4 12. Nxe4 Nxe4 13. Qe1 Bg4 14. Nd2 Bxe2 15. Qxe2 Nxd2 16. Bxd2 e4 17. Rab1 a6 18. Rfc1 f5 19. Bc3 Bxc3 20. Rxc3 Qe5 21. Qd2 f4 22. exf4 Rxf4 23. Re3 Raf8 24. Rf1 Qf5 25. Qe2 Kg7 26. g3 Rg4 27. h3 Rg5 28. g4 Re8 29. f4 exf3 30. Rfxf3 Qb1+ 31. Rf1 Rxe3 32. Qxe3 Re5 33. Qxe5+ 1-0

[Event "ROM-ch (Women)"]
[Site "Baile Olanesti"]
[Date "2013.02.23"]
[Round "8"]
[White "Moldovan, Petruta Alisia"]
[Black "Foisor, Mihaela Veronica"]
[Result "0-1"]
[WhiteElo "1712"]
[BlackElo "2219"]
[PlyCount "88"]
[EventDate "2013.02.16"]
[EventType "swiss"]
[EventRounds "9"]
[EventCountry "ROU"]
[SourceTitle "CBM 153 Extra"]
[Source "ChessBase"]
[SourceDate "2013.04.22"]
[SourceVersion "1"]
[SourceVersionDate "2013.04.22"]
[SourceQuality "1"]

1. e4 c5 2. Nf3 a6 3. d4 cxd4 4. Nxd4 Nf6 5. Nc3 e5 6. Nb3 Bb4 7. f3 d5 8. exd5 Nxd5 9. Bd2 Nxc3 10. Bxc3 Bxc3+ 11. bxc3 Qc7 12. Qd2 0-0 13. Bd3 Be6 14. 0-0 Nd7 15. Rfe1 Rac8 16. Qe3 g6 17. h4 Qxc3 18. h5 Bxb3 19. axb3 Qc5 20. hxg6 hxg6 21. Qxc5 Rxc5 22. Ra4 Rc7 23. Rh4 Kg7 24. Kf2 Rd8 25. g4 Nc5 26. Be2 Rd2 27. b4 Ne6 28. c4 Nf4 29. c5 Rcd7 30. Kf1 Nxe2 31. Rxe2 Rxe2 32. Kxe2 Rd4 33. Rh1 Rxb4 34. Rc1 a5 35. c6 bxc6 36. Rxc6 a4 37. g5 Rb2+ 38. Ke3 Rg2 39. f4 Rg4 40. fxe5 Rxg5 41. Kf4 Rh5 42. Ra6 Rh4+ 43. Kg5 Re4 44. Ra5 Rxe5+ 0-1

[Event "ROM-ch (Women)"]
[Site "Baile Olanesti"]
[Date "2013.02.19"]
[Round "4"]
[White "Didiliuc, Dariana Gabriela"]
[Black "Moldovan, Petruta Alisia"]
[Result "0-1"]
[WhiteElo "1573"]
[BlackElo "1712"]
[PlyCount "104"]
[EventDate "2013.02.16"]
[EventType "swiss"]
[EventRounds "9"]
[EventCountry "ROU"]
[SourceTitle "CBM 153 Extra"]
[Source "ChessBase"]
[SourceDate "2013.04.22"]
[SourceVersion "1"]
[SourceVersionDate "2013.04.22"]
[SourceQuality "1"]

1. Nf3 d5 2. b3 c6 3. Bb2 Nf6 4. e3 Bg4 5. Be2 e6 6. 0-0 Nbd7 7. d3 Be7 8. Nbd2 Qc7 9. c4 0-0 10. Rc1 Rfd8 11. cxd5 exd5 12. Nd4 Bxe2 13. Qxe2 Bd6 14. N2f3 Ne5 15. h3 Qd7 16. Nxe5 Bxe5 17. Nf3 Bxb2 18. Qxb2 a5 19. a3 Qf5 20. Qe2 Re8 21. Nd4 Qe5 22. Qd2 Qd6 23. a4 Re5 24. Ne2 Rh5 25. Ng3 Re5 26. Qc3 Rg5 27. e4 dxe4 28. Nxe4 Nxe4 29. dxe4 Qg6 30. Qf3 Re8 31. Rfe1 Re6 32. Rcd1 h6 33. g3 h5 34. Kh2 Rge5 35. Rd8+ Kh7 36. Rd7 Re7 37. Rxe7 Rxe7 38. g4 hxg4 39. hxg4 Qe6 40. Kg2 Qg6 41. Qh3+ Kg8 42. f3 Qd6 43. Qh4 Qd2+ 44. Qf2 Rd7 45. Re3 Qd1 46. Kg3 Rd2 47. Qe1 Qc2 48. Qf1 Rd1 49. Qf2 Rd2 50. Qf1 b5 51. Qg1 Qc5 52. Qe1 Qd4 0-1

[Event "ROM-chT (Women)"]
[Site "Baile Herculane"]
[Date "2010.09.09"]
[Round "6.21"]
[White "Moldovan, Petruta Alisia"]
[Black "Cramling, Pia"]
[Result "0-1"]
[WhiteElo "1681"]
[BlackElo "2509"]
[PlyCount "86"]
[EventDate "2010.09.04"]
[EventType "team-tourn"]
[EventRounds "9"]
[EventCountry "ROU"]
[SourceTitle "EXT 2021"]
[Source "ChessBase"]
[SourceDate "2020.10.23"]
[SourceVersion "1"]
[SourceVersionDate "2020.10.23"]
[SourceQuality "1"]

1. e4 c5 2. Nc3 a6 3. Nge2 e6 4. d4 cxd4 5. Nxd4 Qc7 6. g3 Bb4 7. Bd2 Nf6 8. Bg2 Nc6 9. Nxc6 bxc6 10. 0-0 Be7 11. Re1 e5 12. Be3 Rb8 13. b3 0-0 14. Na4 d5 15. Bc5 Bxc5 16. Nxc5 Qe7 17. Nd3 d4 18. Qd2 c5 19. Rac1 Qd6 20. c3 Rd8 21. cxd4 Qxd4 22. Rc3 Bb7 23. Qc1 Nxe4 24. Bxe4 Bxe4 25. Nxc5 Bf5 26. Qe3 Rbc8 27. Qxe5 Qxe5 28. Rxe5 Bh3 29. f4 f6 30. Re2 Rd1+ 31. Kf2 Rf1+ 32. Ke3 Bg4 33. Rec2 Re8+ 34. Kd4 Bf5 35. Rb2 a5 36. Kc4 Rb8 37. a3 Bg6 38. b4 Bf7+ 39. Kd4 Re1 40. b5 Rd8+ 41. Nd7 Rxd7+ 42. Kc5 Rc7+ 43. Kd4 Rd1+ 0-1

[Event "ROM-chT (Women)"]
[Site "Baile Herculane"]
[Date "2010.09.07"]
[Round "4.31"]
[White "Moldovan, Petruta Alisia"]
[Black "Popescu, Sabina"]
[Result "1/2-1/2"]
[WhiteElo "1681"]
[BlackElo "1947"]
[PlyCount "118"]
[EventDate "2010.09.04"]
[EventType "team-tourn"]
[EventRounds "9"]
[EventCountry "ROU"]
[SourceTitle "EXT 2021"]
[Source "ChessBase"]
[SourceDate "2020.10.23"]
[SourceVersion "1"]
[SourceVersionDate "2020.10.23"]
[SourceQuality "1"]

1. e4 g6 2. d4 Bg7 3. c4 d6 4. Nc3 Nc6 5. Be3 e5 6. d5 Nce7 7. Nge2 f5 8. f4 exf4 9. Nxf4 fxe4 10. Bd4 Nf6 11. Nxe4 0-0 12. Bxf6 Bxf6 13. Nxf6+ Rxf6 14. Qd2 Qf8 15. g3 Bg4 16. Be2 Bf5 17. 0-0-0 Be4 18. Rhf1 Qh6 19. Bd3 Bxd3 20. Nxd3 Qxd2+ 21. Kxd2 Raf8 22. Rxf6 Rxf6 23. Re1 Kf7 24. Nf4 c6 25. dxc6 bxc6 26. Kc3 g5 27. Nd3 Rf3 28. Re2 c5 29. Rf2 Rf6 30. a3 g4 31. b4 cxb4+ 32. axb4 Nc6 33. Rf4 Rxf4 34. Nxf4 Ne5 35. c5 dxc5 36. bxc5 Ke7 37. Nd5+ Ke6 38. Ne3 h5 39. Kb4 Nf3 40. Nf1 Kd7 41. Kb5 Kc7 42. Ka4 Kc6 43. Kb4 a5+ 44. Kc4 a4 45. Kb4 a3 46. Kxa3 Kxc5 47. Kb2 Kd4 48. Kc2 Ke4 49. Kc1 Nd4 50. Kd2 Kf3 51. Ne3 Kf2 52. Kd3 Nf3 53. Nf5 Nxh2 54. Ng7 h4 55. gxh4 g3 56. Nh5 g2 57. Nf4 g1N 58. h5 Ng4 59. Ke4 Nh6 1/2-1/2

[Event "ROM-ch U14 Girls"]
[Site "Voineasa"]
[Date "2010.04.13"]
[Round "8"]
[White "Visanescu, Daria Ioana"]
[Black "Moldovan, Petruta Alisia"]
[Result "1-0"]
[WhiteElo "1901"]
[BlackElo "1740"]
[PlyCount "85"]
[EventDate "2010.04.08"]
[EventType "swiss"]
[EventRounds "9"]
[EventCountry "ROU"]
[SourceTitle "EXT 2020"]
[Source "ChessBase"]
[SourceDate "2019.10.17"]
[SourceVersion "1"]
[SourceVersionDate "2019.10.17"]
[SourceQuality "1"]

1. e4 c5 2. Nc3 g6 3. f4 Bg7 4. Nf3 Nc6 5. Bb5 Nd4 6. 0-0 Nxb5 7. Nxb5 d5 8. exd5 a6 9. Nc3 Nf6 10. d4 c4 11. Qe2 Nxd5 12. Qxc4 Be6 13. Qd3 Rc8 14. Nxd5 Bxd5 15. Nd2 Qc7 16. c3 Bh6 17. Qh3 Bg7 18. Nf3 e6 19. Bd2 Qb6 20. b3 Be4 21. Ng5 Bf5 22. Qe3 Qd6 23. Qe2 b5 24. g4 h6 25. Nh3 Bxg4 26. Qxg4 Bxd4+ 27. cxd4 Qxd4+ 28. Nf2 Qxd2 29. Rfd1 Qe3 30. Rd3 Qb6 31. Rad1 0-0 32. Qh4 h5 33. Kf1 b4 34. Ne4 Kg7 35. Qf6+ Kg8 36. Qg5 Rc2 37. Qh6 e5 38. Rd6 Qb5+ 39. Kg1 Rg2+ 40. Kxg2 Qe2+ 41. Nf2 e4 42. Rd8 Qf3+ 43. Kg1 1-0

[Event "ROM-ch U14 Girls"]
[Site "Voineasa"]
[Date "2010.04.09"]
[Round "3"]
[White "Moldovan, Petruta Alisia"]
[Black "Brezeanu, Daniela"]
[Result "1-0"]
[WhiteElo "1740"]
[BlackElo "1757"]
[PlyCount "85"]
[EventDate "2010.04.08"]
[EventType "swiss"]
[EventRounds "9"]
[EventCountry "ROU"]
[SourceTitle "EXT 2020"]
[Source "ChessBase"]
[SourceDate "2019.10.17"]
[SourceVersion "1"]
[SourceVersionDate "2019.10.17"]
[SourceQuality "1"]

1. e4 c5 2. Nc3 a6 3. Nge2 d6 4. d4 cxd4 5. Nxd4 Nc6 6. Bc4 e6 7. Be3 Nf6 8. Qe2 Qc7 9. Bb3 Be7 10. 0-0-0 0-0 11. Rhg1 b5 12. g4 b4 13. Na4 Nxe4 14. f3 Nf6 15. h4 Na5 16. h5 Nxb3+ 17. axb3 e5 18. Nf5 Bxf5 19. gxf5 Nxh5 20. Qh2 Nf4 21. Nb6 a5 22. Nxa8 Rxa8 23. Bxf4 exf4 24. Qxf4 a4 25. f6 Bf8 26. fxg7 Bxg7 27. Qf6 Kf8 28. Qxg7+ Ke7 29. Rge1+ Kd7 30. Qxf7+ Kc8 31. Re8+ Kb7 32. Qxc7+ Kxc7 33. Rxa8 axb3 34. cxb3 h5 35. f4 h4 36. f5 Kd7 37. Re1 h3 38. f6 h2 39. f7 d5 40. f8Q d4 41. Qf6 h1Q 42. Rxh1 d3 43. Rh7# 1-0

[Event "ROM-ch (Women)"]
[Site "Baile Olanesti"]
[Date "2010.02.05"]
[Round "7"]
[White "Moldovan, Petruta Alisia"]
[Black "Cusmuliuc, Diana Elena"]
[Result "1-0"]
[WhiteElo "1741"]
[BlackElo "1640"]
[PlyCount "87"]
[EventDate "2010.01.31"]
[EventType "swiss"]
[EventRounds "9"]
[EventCountry "ROU"]
[SourceTitle "CBM 134 Extra"]
[Source "ChessBase"]
[SourceDate "2010.03.03"]
[SourceVersion "1"]
[SourceVersionDate "2010.03.03"]
[SourceQuality "1"]

1. e4 c5 2. Nc3 d6 3. Nge2 Nc6 4. d4 cxd4 5. Nxd4 Bd7 6. Be3 Nf6 7. f3 e6 8. Qd2 a6 9. g4 Be7 10. 0-0-0 Ne5 11. g5 Nh5 12. Be2 Ng6 13. Rhg1 e5 14. Nf5 Bxf5 15. exf5 Ngf4 16. Bxf4 Nxf4 17. h4 Qa5 18. Kb1 0-0-0 19. Nd5 Qxd5 20. Qxd5 Nxd5 21. Rxd5 f6 22. Bd3 Kb8 23. Be4 Rc8 24. gxf6 gxf6 25. a3 Rhg8 26. Rxg8 Rxg8 27. Rd3 Rg1+ 28. Ka2 b6 29. Rb3 Bd8 30. a4 a5 31. Rd3 Bc7 32. Rd2 Rg3 33. Kb3 Bd8 34. Rh2 Rg7 35. Kc4 Re7 36. Rg2 Kc7 37. Kd5 Rd7 38. h5 Re7 39. h6 Rd7 40. Rg7 Be7 41. Ke6 d5 42. Rxe7 Rxe7+ 43. Kxe7 dxe4 44. fxe4 1-0

[Event "ROM-ch (Women)"]
[Site "Baile Olanesti"]
[Date "2010.02.04"]
[Round "6"]
[White "Anton, Roxana Ana"]
[Black "Moldovan, Petruta Alisia"]
[Result "1/2-1/2"]
[WhiteElo "1774"]
[BlackElo "1741"]
[PlyCount "72"]
[EventDate "2010.01.31"]
[EventType "swiss"]
[EventRounds "9"]
[EventCountry "ROU"]
[SourceTitle "CBM 134 Extra"]
[Source "ChessBase"]
[SourceDate "2010.03.03"]
[SourceVersion "1"]
[SourceVersionDate "2010.03.03"]
[SourceQuality "1"]

1. e4 c5 2. Nc3 g6 3. f4 Bg7 4. Nf3 Nc6 5. Bb5 Nd4 6. 0-0 Nxb5 7. Nxb5 d6 8. Kh1 Bd7 9. Nc3 e6 10. Qe1 Ne7 11. d3 0-0 12. Ng5 b5 13. Ne2 d5 14. Ng3 a5 15. Rb1 c4 16. Bd2 b4 17. a3 b3 18. cxb3 cxb3 19. Bc3 Qb6 20. Bxg7 Kxg7 21. Qe2 dxe4 22. Qxe4 Qd6 23. d4 Qd5 24. Qxd5 Nxd5 25. N5e4 Bb5 26. Rf2 Bd3 27. Rc1 Bc2 28. Nc5 a4 29. Nge4 Rfd8 30. Re1 Nb6 31. Nc3 Rxd4 32. Rxe6 Rc8 33. Rxb6 Rxc5 34. h3 Rcc4 35. g3 Rd3 36. Kh2 Rdd4 1/2-1/2